Associez les pilotes de Formule 1 à leur pays - Clic Quiz - Statistiques

Statistiques générales
  • Ce quiz a été pris 406 fois
  • Le résultat moyen est 16 sur 20
Statistiques - réponses
Hint Réponse % Correct
Yuki Tsunoda Japon
97%
Charles Leclerc Monaco
97%
Lewis Hamilton Angleterre
95%
Alain Prost France
95%
Max Verstappen Pays-Bas
95%
Ayrton Senna Brésil
93%
Fernando Alonso Espagne
93%
Sebastian Vettel Allemagne
92%
Sergio Pérez Mexique
91%
Daniel Ricciardo Australie
90%
Kimi Räikkönen Finlande
89%
Jacques Villeneuve Canada
86%
Niki Lauda Autriche
74%
Juan Manuel Fangio Argentine
69%
Jacky Ickx Belgique
63%
Juan Pablo Montoya Colombie
61%
Jody Scheckter Afrique du Sud
57%
Pastor Maldonado Venezuela
56%
Riccardo Patrese Italie
55%
Mario Andretti États-Unis
44%
Aucun quiz correspondant
Distribution des résultats
% des personnes avec chaque résultat
Percentile par nombre de réponses
Votre historique - résultats
Vous n’avez pas pris ce quiz